Toán học và những suy luận có lý. t.II, q. I /

Uloženo v:
Podrobná bibliografie
Hlavní autor: Polia, G.
Další autoři: Hà Sĩ Hồ (dịch.)
Médium: Sách giấy
Jazyk:Vietnamese
Vydáno: Hà Nội : Giáo dục, 1977.
Tagy: Přidat tag
Žádné tagy, Buďte první, kdo otaguje tento záznam!
Thư viện lưu trữ: Thư viện Trường Đại học Đà Lạt
LEADER 00625nam a2200253 4500
001 DLU020001574
005 ##19990403
040 # # |a DLU  |b vie 
041 # # |a vie 
082 # # |a 510.1  |b PO-G 
100 # # |a Polia, G. 
245 # # |a Toán học và những suy luận có lý.  |n t.II, q. I /  |c G. Polia; Hà Sĩ Hồ dịch. 
260 # # |a Hà Nội :  |b Giáo dục,  |c 1977. 
300 # # |a 180 tr. ;  |c 20 cm. 
700 # # |a Hà Sĩ Hồ,  |e dịch. 
992 # # |a 220 
994 # # |a DLU 
900 # # |a False 
911 # # |a Administrator 
925 # # |a G 
926 # # |a A 
927 # # |a SH 
980 # # |a Thư viện Trường Đại học Đà Lạt